000 00479nam a2200181Ia 4500
003 OSt
005 20260117105702.0
008 210210b1954 xxu||||| |||| 00| 0 eng d
040 _cAL
041 _aKannada
082 _a859/410
100 _aKRASHNA PATILA
_9149074
_dಕೃಷ್ಣ ಪಾಟೀಲ
245 _aHolamane:
_bಹೊಲಮನೆ
260 _aBengaluru
_bVahini Prakashana
_c1954
690 _aKannada Fiction
_9149075
906 _a021279
942 _2ddc
_cBK
999 _c145343
_d145343